La polica̕ frente al cd̤igo procesal penal

Detalles Bibliográficos
Autor principal: Otero Lathrop, Miguel
Formato: eBook
Lenguaje:español
Publicado: Santiago de Chile : Editorial jurd̕ica de Chile, 2012
Materias:
Acceso en línea:Acceso restringido

MARC

LEADER 00000nam a22000007a 4500
005 20120613154953.0
007 cr|||| ||||
008 120613s2012 cl |||||s|||| 00||0 spa d
020 |a 978-956-10-1889-1 
035 |a 6167 
040 |a vLex 
090 |c 3169  |d 3169 
100 1 |a Otero Lathrop, Miguel 
245 1 3 |a La polica̕ frente al cd̤igo procesal penal  |h [Recurso electrn̤ico] /  |c Miguel Otero Lathrop 
256 |a Servicio en ln̕ea 
260 |a Santiago de Chile :  |b Editorial jurd̕ica de Chile,  |c 2012 
300 |a 1 recurso electrn̤ico 
506 1 |a Contenido solo disponible en los productos indicados  |d vLex Global   |d vLex Global (Academic Edition, excluding Law Schools)   |d vLex Global (U.S. Academic Edition, Law Schools)   |d vLex Global (U.S. Academic Edition, excluding Law Schools)   |d vLex Global (Academic Edition, Law Schools)  
650 0 4 |a Derecho procesal  |x Legislacin̤  |z Chile 
650 0 4 |a Policia  |z Chile 
740 0 |a vLex Libros (Servicio en ln̕ea) 
856 4 0 |u http://vlex.com/source/6167  |z Acceso restringido 
942 |c BOOK 
999 0 |a Police 
999 0 |a Procedure (Law)